000 00656nam a2200193Ia 4500
001 21039
003 GE_BSU
008 181216s||||||||xx |||||||||||||| ||und||
040 _cGE_BSU
245 _aГеография и природные ресурсы. №4. Октябрь-Декабрь 2017
245 _cГл. ред. В.М.Плюснин. (ред.колл.)
260 _aМосква
260 _c2017
300 _a216 стр. 29 см.
653 _aГеография и природные ресурсы. №4. Октябрь-Декабрь 2017
653 _aПериодика
653 _aპერიოდიკა
942 _cCR
999 _c53988
_d53988